M. Aurèlia Capmany : intervencions en el ple de la Diputació 1983-1991 / M. Aurèlia Campmany intervencions en el ple de la Diputació 1983-1991 / M. Aurèlia Campmany
Descripción Física:
1 casset ; 11 cm + 1 fulletó (26 p.)
Materias:
Capmany, Maria Aurèlia
MARC
| LEADER | 00000nam a2200000Ia 4500 | ||
|---|---|---|---|
| 001 | 18291 | ||
| 008 | 160829s1992 xx 000 0 cat d | ||
| 080 | |a FU-50-19 | ||
| 100 | |a Capmany, Maria Aurèlia, |d 1918-1991 |9 26537 | ||
| 245 | |a M. Aurèlia Capmany : |b intervencions en el ple de la Diputació 1983-1991 / M. Aurèlia Campmany | ||
| 260 | |a Barcelona : |b Diputació de Barcelona, |c 1992 | ||
| 300 | |a 1 casset ; |c 11 cm + 1 fulletó (26 p.) | ||
| 590 | |a El fulletó és un article extret de la revista Serra d'Or (març 1990), publicat amb motiu de la designació de Maria Aurèlia Capmany com a escriptora del mes. | ||
| 650 | |a Capmany, Maria Aurèlia | ||
| 710 | 1 | |a Barcelona (Catalunya : Província). |b Diputació |9 52408 | |
| 901 | |a Arxiu | ||
| 942 | |n 1 | ||
| 952 | |0 0 |1 0 |4 0 |6 FU5019 |7 1 |9 44861 |a Arxiu |b Arxiu |d 2016-12-01 |l 0 |o FU-50-19 |p 18291 |r 2016-12-01 00:00:00 |w 2016-12-01 |y ARXIU | ||
| 999 | |c 47459 |d 47459 | ||